000 00308nam a2200133Ia 4500
008 191201s2013 xx 000 0 und d
082 _a004.678
_bKAI
100 _aKAMAL,Raj
245 0 _aInternet and Web Technologies
250 _aRep
260 _c2013
_bTMH
_aNEW DELHI
300 _a519
942 _2ddc
_cBK
999 _c7850
_d7850